000 01016nam a22003137a 4500
001 136
003 FISKH
005 20250826141319.0
008 230228b cb ||||| |||| 00| 0 eng d
040 _aDLC
_cDLC
_dDLC
_dFISKH
_beng
042 _alcac
050 0 0 _aPZ7.T825
_bMai 1997
082 0 0 _a804
_220
100 1 _aTunnell, Michael O.
245 1 0 _aMailing May /
_cMichael O. Tunnell ; illustrated by Ted Rand.
250 _a1st ed.
260 _aNew York
_bScholastic
_c1997
300 _a16 leaves of plates
_bcol. ill. ;
_c23 x 28 cm.
505 _aM
520 _aIn 1914, because her family cannot afford a train ticket to her grandmother's town, May gets mailed and rides the mail car on the train to see her grandmother.
521 8 _a770
_bLexile
521 8 _aM
_bRaz-Plus
650 1 _aPostal service
_xFiction.
650 1 _aRailroads
_xFiction.
650 1 _aGrandmothers
_xFiction.
700 1 _aRand, Ted,
_eill.
906 _a7
_bcbc
_corignew
_d1
_eocip
_f19
_gy-gencatlg
942 _2lcc
_cBK
_n0
999 _c136
_d136